000 01384cam a2200337Ia 4500
001 ocn712621547
003 OSt
005 20150721172045.0
008 110414s2010 cc 000 0 chi d
020 _a9789622949225
020 _a9622949223
100 1 _a袁天佑 Tianyou Yuan,
_d1951-
245 1 0 _a約翰壹貳叁書 :
_b中文聖經註釋 第四十一卷 =The First, second and third letters of John {ch} /
_c袁天佑著 Tianyou Yuan.
246 1 _iColophon title also in English :
_aFirst, second and third letters of John
250 _a初版.
260 _a香港 :
_b基督教文藝出版社有限公司,
_c2010.
300 _a3, 353 p. ;
_c22 cm.
336 _2rdacontent
337 _2rdamedia
338 _2rdacarrier
490 _a中文聖經註釋 Zhong wen sheng jing zhu shi ;
_aChinese Bible Commentary ;
_v41
630 0 0 _aBible.
_pN.T.
_pEpistle of John, 1st
_vCommentaries {ch}.
630 0 0 _aBible.
_pN.T.
_pEpistle of John, 2nd
_vCommentaries {ch}.
630 0 0 _aBible.
_pN.T.
_pEpistle of John, 3rd
_vCommentaries {ch}.
700 _aYuen Tin Yau
730 0 2 _aBible.
_pN.T.
_pEpistle of John, 1st.
_lChinese.
_sHe he ben.
_f2010.
730 0 2 _aBible.
_pN.T.
_pEpistle of John, 2nd.
_lChinese.
_sHe he ben.
_f2010.
730 0 2 _aBible.
_pN.T.
_pEpistle of John, 3rd.
_lChinese.
_sHe he ben.
_f2010.
830 0 _a中文聖經註釋 ;
_v41.
942 _2lcc
_cBK
999 _c37765
_d37765